| 000 | 00607nam a2200205 a 4500 | ||
|---|---|---|---|
| 001 | 5306 | ||
| 003 | CO-ViMGA | ||
| 008 | 141112s2004 ck r 000 u spa d | ||
| 040 |
_aCO-ViMGA _bspa _cCO-ViMGA |
||
| 082 | 0 | 4 | _a612.6 T377 |
| 100 | 1 |
_aTestar, Jacques _93609 |
|
| 245 | 1 | 0 |
_aLa procreación artificial : _buna exposición para comprender, un ensayo para reflexionar |
| 260 |
_aMadrid : _bDebate, _c1994 |
||
| 300 | _a123 p : il | ||
| 490 | _aDominós, 3 | ||
| 650 | 1 | 4 | _aINSEMINACION ARTIFICIAL |
| 650 | 1 | 4 |
_aREPRODUCCION ARTIFICIAL _93610 |
| 650 | 1 | 4 |
_aREPRODUCCION HUMANA _93611 |
| 942 |
_2ddc _cBK |
||
| 999 |
_c17301 _d17301 |
||